|
|
|
|
| LEADER |
01201nam a22003257a 4500 |
| 001 |
38995 |
| 003 |
BD-DhAAL |
| 008 |
220622t2004 nyua|||| b||| 001 0 eng d |
| 999 |
|
|
|c 44450
|d 44450
|
| 020 |
|
|
|a 9783540204930
|
| 020 |
|
|
|a 9783642188558 (eBook)
|
| 040 |
|
|
|a BD-DhAAL
|c BD-DhAAL
|
| 082 |
|
|
|a 516.373
|2 23
|
| 100 |
|
|
|a Gallot, Sylvestre
|9 49606
|
| 245 |
|
|
|a Riemannian geometry /
|c Sylvestre Gallot; Dominique Hulin; Jacques Lafontaine
|
| 250 |
|
|
|a Third edition
|
| 260 |
|
|
|a New York, NY :
|b Springer,
|c 2004.
|
| 300 |
|
|
|a xv, 322 pages :
|b illustrations ;
|c 23 cm.
|
| 490 |
|
|
|a Universitext.
|
| 504 |
|
|
|a Includes bibliographical references and index.
|
| 526 |
|
|
|a MNS
|
| 541 |
|
|
|a Book Finder International
|e 38995
|
| 650 |
|
|
|a Geometry, Riemannian.
|9 49607
|
| 650 |
|
|
|a Mathematics.
|9 49608
|
| 700 |
|
|
|a Hulin, Dominique
|9 49609
|
| 700 |
|
|
|a Lafontaine, Jacques
|9 49610
|
| 830 |
|
|
|a Universitext.
|9 49611
|
| 852 |
|
|
|a Ayesha Abed Library
|c General Stacks
|
| 942 |
|
|
|2 ddc
|c BK
|
| 952 |
|
|
|0 0
|1 0
|2 ddc
|4 0
|6 516_373000000000000_GAL
|7 0
|9 71071
|a BRACUL
|b BRACUL
|c GEN
|d 2022-06-19
|e Book Finder International
|g 4169.66
|l 1
|o 516.373 GAL
|p 3010038995
|r 2025-11-26
|s 2025-11-26
|t 1
|v 4169.66
|w 2022-06-19
|y BK
|